Gene expression at the beginning of animal development

में बचाया:
ग्रंथसूची विवरण
मुख्य लेखक: Edited by Melvin L. DePamphilis
स्वरूप: पुस्तक
भाषा:Undetermined
प्रकाशित: Amsterdam, The Netherlands Elsevier 2002
विषय:
टैग : टैग जोड़ें
कोई टैग नहीं, इस रिकॉर्ड को टैग करने वाले पहले व्यक्ति बनें!
Thư viện lưu trữ: Trung tâm Học liệu Trường Đại học Cần Thơ
LEADER 00594nam a2200193Ia 4500
001 CTU_65677
008 210402s9999 xx 000 0 und d
020 |b 94 
082 |a 571.851 
082 |b G326 
100 |a Edited by Melvin L. DePamphilis 
245 0 |a Gene expression at the beginning of animal development 
245 0 |c Edited by Melvin L. DePamphilis 
260 |a Amsterdam, The Netherlands 
260 |b Elsevier 
260 |c 2002 
650 |a developmental genetics,genetic regulation,embryology 
904 |i Minh 
980 |a Trung tâm Học liệu Trường Đại học Cần Thơ